| 000 | 00713cam a22002413a 4500 | ||
|---|---|---|---|
| 001 | 19230 | ||
| 003 | PGUSA | ||
| 005 | 20140828083416.0 | ||
| 008 | 060909s2006||||xxu|||||s|||||000 | eng d | ||
| 040 |
_aPGUSA _beng |
||
| 042 | _adc | ||
| 050 | 4 | _aGV | |
| 100 | 1 |
_aBoyton, Paul, _d1848-1924 |
|
| 245 | 1 | 4 |
_aThe Story of Paul Boyton : _bVoyages on All the Great Rivers of the World _h[electronic resource] / _cPaul Boyton |
| 260 |
_bProject Gutenberg, _c2006 |
||
| 506 | _aPublic domain in the USA. | ||
| 516 | _aElectronic text | ||
| 653 | _aVoyages and travels | ||
| 653 | _aBoyton, Paul, 1848-1924 | ||
| 830 | 0 |
_aProject Gutenberg _v19230 |
|
| 856 | 4 | 0 | _uhttp://www.gutenberg.org/ebooks/19230 |
| 942 | _cEB | ||
| 999 |
_c248485 _d248485 |
||